| 000 | 00755na a2200253 4500 | ||
|---|---|---|---|
| 001 | 12986 | ||
| 003 | MIRAKIL | ||
| 005 | 20181213154759.0 | ||
| 008 | 160804b tu 000 0 | ||
| 020 | _a9786053323655 | ||
| 035 | _a12986 | ||
| 040 |
_aMilas _btur _cTR-AnCHP |
||
| 082 |
_a331.2592 _bP25i |
||
| 090 | _a331.2592 P25i 2015 | ||
| 100 | _aPanni, Phillip Khan | ||
| 245 |
_aİş sunumları rehberi _betkileyici bir mesaj nasıl verilir ? _cPillip Khan Panni ; editör: Ali Berktay |
||
| 260 |
_aİstanbul _bTürkiye iş bankası kültür yayınları _c2015 |
||
| 300 |
_aXVI, 203 s _bşkl _c23 sm |
||
| 490 |
_aGenel Yayın _v3223 |
||
| 650 | _aKişisel gelişim | ||
| 650 | _aMesleki Eğitim | ||
| 700 | _aBerktay, Ali | ||
| 942 |
_2ddc _cBKS |
||
| 999 |
_c736 _d736 |
||